000 00447nam a22001697a 4500
020 _a9789393969910
082 _aM 703.954 83
_bAKS/K
100 _aAkshara V
100 _aJobin Jos Chamakkala
245 _aKeralakalanighandu/
_cby Akshara V and Jobin Jos Chamakkala
260 _aKozhikode:
_bPavanatma Publishers,
_c2023.
300 _a216p.
650 _aDictionary Arts Kerala
650 _aArts Kerala
650 _aArts
942 _cBK
999 _c181943
_d181943